The birth of the Japanese labor movement : Takano Fusatarō and the Rōdō Kumiai Kiseikai /

Bibliographic Details
Main Author: Marsland, Stephen E., 1955-
Format: Book
Language:English
Published: Honolulu : University of Hawaii Press, [1989]
Subjects:

MARC

Tag First Indicator Second Indicator Subfields
LEADER 00000cam a22000008a 4500
001 in00000763721
005 20151017050822.0
008 880620s1989 hiuc b s00110beng
010 |a  88021622  
020 |a 0824811674 :  |c $27.00 
035 |a (OCoLC)18163754 
035 |9 ADK2712AM 
040 |a DLC  |c DLC  |d TXA  |d UtOrBLW 
043 |a a-ja--- 
049 |a TXAM  |c [A11772421] 
050 0 0 |a HD6832  |b .M338 1989 
082 0 |a 331.88/0952  |2 19 
100 1 |a Marsland, Stephen E.,  |d 1955- 
245 1 4 |a The birth of the Japanese labor movement :  |b Takano Fusatarō and the Rōdō Kumiai Kiseikai /  |c Stephen E. Marsland. 
263 |a 8902 
264 1 |a Honolulu :  |b University of Hawaii Press,  |c [1989] 
264 4 |c ©1989 
300 |a ix, 271 pages :  |b portrait 
336 |a text  |b txt  |2 rdacontent 
337 |a unmediated  |b n  |2 rdamedia 
338 |a volume  |b nc  |2 rdacarrier 
504 |a Bibliography: pages 249-265. 
500 |a Includes index. 
650 0 |a Labor unions  |z Japan  |x History. 
610 2 0 |a Rōdō Kumiai Kiseikai  |x History. 
600 1 0 |a Takano, Fusatarō,  |d 1868-1904. 
650 0 |a Labor unions  |z Japan  |x Officials and employees  |x Biography. 
999 |a MARS 
999 f f |s ee5d6ec0-fd21-3485-9d3c-febbfba0d279  |i 2f723788-79a4-3e99-9f42-1da217126e71  |t 0 
952 f f |p ric  |a Texas A&M University  |b Rellis Campus  |c Joint Library Facility  |d Remote Storage  |t 0  |e HD6832 .M338 1989  |h Library of Congress classification  |i unmediated -- volume  |m A14811772421 
998 f f |a HD6832 .M338 1989  |t 0  |l Remote Storage